| 000 | 01680cam a2200481 a 4500 | ||
|---|---|---|---|
| 999 |
_c23222 _d23222 |
||
| 001 | vtls011621513 | ||
| 005 | 20220427113422.0 | ||
| 008 | 201207s2016 xo ac grn 000 0dslo | ||
| 020 |
_a9788085474770 _q(viazané) |
||
| 035 | _aC5661D3A-A4C6-4FFE-8FD1-43901AA77166 | ||
| 035 | _aurn:nbn:sk:snk-am3ibkk | ||
| 035 | _aurn:nbn:sk:snk-am00e11y | ||
| 040 |
_aZKSE _bslo _cZKSE _dSVKBB _dSNK _eAACR2 |
||
| 041 | 0 |
_aslo _beng |
|
| 044 |
_axo _cSK |
||
| 072 | 7 |
_a72 _xArchitektúra _2konspekt |
|
| 080 |
_a725.945 _22011 |
||
| 080 |
_a355.1-058.65 _22001 |
||
| 080 |
_a(048.8) _22011 |
||
| 080 |
_a94(100)"1914/1918" _22011 |
||
| 080 |
_a(437.6) _22011 |
||
| 080 |
_a726.82:355 _22001 |
||
| 100 | 1 |
_aBabják, Juraj, _d1981- _4aut _92990 |
|
| 245 | 1 | 0 |
_aBolesť v kameni ukrytá _bpomníky padlým v prvej svetovej vojne na Slovensku _cJuraj Babják |
| 260 |
_aBratislava _bVydavateľstvo Pozsony / Pressburg / Bratislava _c2016 |
||
| 300 |
_a200 s. _bilustrácie, portréty _c25 cm |
||
| 500 | _aBiografické údaje o autorovi | ||
| 546 | _aResumé anglické | ||
| 650 | 0 | 7 |
_apomníky _2SNKPH _92991 |
| 650 | 0 | 7 |
_avojnové obete _22011 _92992 |
| 650 | 0 | 7 |
_aprvá svetová vojna (1914-1918) _2SNKPH _92993 |
| 650 | 0 | 7 |
_avojenské hroby _2SNKPH _92994 |
| 650 | 0 | 7 |
_aMonuments _2SNKPHeng _91503 |
| 650 | 0 | 7 |
_aWar victims _2SNKPHeng _92995 |
| 650 | 0 | 7 |
_aWorld War (1914-1918) _2SNKPHeng _92996 |
| 650 | 0 | 7 |
_aMilitary graves _2SNKPHeng _92997 |
| 651 | 7 |
_aSlovensko _2SNKPHgeo _91613 |
|
| 651 | 7 |
_aSlovakia _2SNKPHeng _91614 |
|
| 655 | 7 |
_amonografie _2SNKPH _91661 |
|
| 655 | 7 |
_aMonographs _2SNKPHeng _91662 |
|
| 958 | _aNB | ||